000 00771nam a22002177a 4500
005 20100727142730.0
010 _aENG-97189
020 _a9780198066316
_c395.00
020 _a0198066317
_c395.00
035 _aEN-80722
037 _bDBAD/PUB
082 _a954.025
100 _aMoosvi, Shireen
_91850
245 _apeople taxation and trade in Mughal India
_cby Shireen Moosvi
260 _aNew Delhi
_boxford university press
_c2010
270 _aYMCA library Building Jai Singh Road
300 _axxxv,304 p
_c21 cm. (pbk)
500 _aincludes index
942 _2ddc
_cEN
_h954.025
_mMOO
999 _c37931
_d37931